000 00262nam a2200109Ia 4500
008 200302s9999 xx 000 0 und d
100 _aC. A. Doxiadis
245 _aArchitectural Space in Ancient Greece
260 _bThe Mit Press
260 _c1972
300 _a184 P.,
999 _c45
_d45